[Event "Reykjavik op"]
[Site "Reykjavik"]
[Date "1982.??.??"]
[Round "?"]
[White "Alburt, Lev O"]
[Black "Westerinen, Heikki MJ"]
[Result "1-0"]
[WhiteElo "2550"]
[BlackElo "2440"]

1.d4 d5 2.c4 e6 3.Nf3 c6 4.Qc2 Nf6 5.g3 Be7 6.Bg2 O-O 7.O-O Nbd7 8.Nbd2 b6
9.e4 Bb7 10.e5 Ne8 11.cxd5 cxd5 12.Re1 Qc7 13.Qd3 Rc8 14.Bf1 Nb8 15.Qb3 Ba6
16.Bxa6 Nxa6 17.Nf1 Nb4 18.Bd2 Qc4 19.Bxb4 Qxb4 20.Rec1 Rc7 21.Qxb4 Bxb4
22.Ne3 b5 23.a3 Ba5 24.Rc5 Rb7 25.Nc2 Nc7 26.Nb4 Bb6 27.Rc2 f6 28.exf6 Rxf6
29.Kg2 Ne8 30.Rc8 Rf8 31.Nd3 Rc7 32.Rxc7 Nxc7 33.Rc1 h6 34.Nfe5 Ra8 35.Nd7 Ne8
36.Nxb6 axb6 37.Rc6 Kf7 38.Rxb6 Rc8 39.Rxb5 Rc2 40.Rb7+ Kg6 41.Rb6 Kf5 42.Kf3 Nf6
43.h3 h5 44.a4 Ne4 45.g4+ Kf6 46.gxh5 Nd2+ 47.Kf4  1-0

[Event "New York Kavkasian"]
[Site "New York"]
[Date "1983.??.??"]
[Round "?"]
[White "Spraggett, Kevin"]
[Black "Alburt, Lev O"]
[Result "1-0"]
[WhiteElo "2490"]
[BlackElo "2570"]

1.e4 Nf6 2.e5 Nd5 3.d4 d6 4.Nf3 Bg4 5.Be2 e6 6.O-O Be7 7.c4 Nb6 8.h3 Bh5
9.Nc3 O-O 10.exd6 cxd6 11.Be3 d5 12.c5 Bxf3 13.Bxf3 Nc4 14.Bc1 Nc6 15.b3 N4a5
16.Be3 b6 17.Na4 bxc5 18.Nxc5 Re8 19.Rc1 Rb8 20.Be2 h6 21.a3 Bxc5 22.Rxc5 Rxb3
23.Bb5 Rxb5 24.Rxb5 Nc4 25.Qa4 Nb6 26.Qa6 Qd7 27.Rc5 Nb8 28.Qb5 Qxb5 29.Rxb5 Nc6
30.Rc5 Rc8 31.Rfc1 Nc4 32.a4 Kf8 33.Rb1 Nb6 34.a5 Nc4 35.a6 Nb6 36.Rbc1 Nc4
37.Rb5 Nb6 38.Rbc5 Nc4 39.h4 Ke7 40.g4 Kd7 41.Rb1 Nb6 42.f3 f6 43.Kf2 Kd6
44.Rc2 Kd7 45.Rc5 e5 46.dxe5 fxe5 47.Rxb6 axb6 48.Rxd5+ Kc7 49.Rb5 Rb8 50.h5 Ra8
51.Rxb6  1-0

[Event "New York Kavkasian"]
[Site "New York"]
[Date "1983.??.??"]
[Round "?"]
[White "Lobron, Eric"]
[Black "Alburt, Lev O"]
[Result "1/2-1/2"]
[WhiteElo "2480"]
[BlackElo "2570"]

1.e4 Nf6 2.e5 Nd5 3.d4 d6 4.Nf3 Bg4 5.Be2 e6 6.O-O Be7 7.h3 Bh5 8.c4 Nb6
9.Nc3 O-O 10.Be3 d5 11.cxd5 Nxd5 12.Qb3 Nb6 13.Rfd1 c6 14.a4 a5 15.d5 Nxd5
16.Qxb7 Nd7 17.g4 Bg6 18.Qxc6 Rc8 19.Qb5 Rb8 20.Qc6 Rc8 21.Qb5 Rb8  1/2-1/2

[Event "New York Kavkasian"]
[Site "New York"]
[Date "1983.??.??"]
[Round "?"]
[White "Alburt, Lev O"]
[Black "Byrne, Robert E"]
[Result "1/2-1/2"]
[WhiteElo "2570"]
[BlackElo "2515"]

1.d4 Nf6 2.c4 g6 3.Nc3 Bg7 4.e4 d6 5.Be2 O-O 6.Bg5 Nc6 7.d5 Ne5 8.Nf3 h6
9.Bh4 Nxf3+ 10.Bxf3 e5 11.dxe6 Bxe6 12.Be2 g5 13.Bg3 Nd7 14.Qd2 Ne5 15.b3 f5
16.exf5 Bxf5 17.O-O c6 18.Rad1 Qf6 19.Rc1 Rad8 20.Qe3 b6 21.Bxe5 Qxe5 22.Qxe5 Bxe5
23.Bf3  1/2-1/2

[Event "New York Kavkasian"]
[Site "New York"]
[Date "1983.??.??"]
[Round "?"]
[White "Alburt, Lev O"]
[Black "Kudrin, Sergey"]
[Result "1/2-1/2"]
[WhiteElo "2570"]
[BlackElo "2510"]

1.d4 Nf6 2.Nf3 e6 3.g3 b5 4.Qd3 a6 5.e4 d6 6.Bg5 Bb7 7.Nbd2 Nbd7 8.Bg2 c5
9.O-O cxd4 10.Qxd4 Be7 11.Rfe1 e5 12.Qd3 O-O 13.Nh4 Nc5 14.Qe2 Ne6 15.Bxf6 Bxf6
16.Nf5 g6 17.Ne3 Bg7 18.Nb3 Qb6 19.a4 Nd4 20.Qd3 Rac8  1/2-1/2

[Event "New York Kavkasian"]
[Site "New York"]
[Date "1983.??.??"]
[Round "?"]
[White "Alburt, Lev O"]
[Black "Zapata, Alonso"]
[Result "0-1"]
[WhiteElo "2570"]
[BlackElo "2455"]

1.d4 g6 2.c4 c5 3.Nf3 Bg7 4.e4 d6 5.Nc3 Nc6 6.dxc5 dxc5 7.Qxd8+ Kxd8 8.Bf4 Bxc3+
9.bxc3 Nf6 10.Bd3 Bg4 11.Ne5 Nxe5 12.Bxe5 Re8 13.Bf4 Nd7 14.Rb1 e5 15.Be3 Kc7
16.Kd2 Be6 17.Kc2 Rad8 18.Be2 b6 19.Rbd1 f6 20.Bh6 Nb8 21.Rd5 Re7 22.h4 Nc6
23.f4 exf4 24.Bxf4+ Kc8 25.Rxd8+ Kxd8 26.g4 Ke8 27.Bd6 Rd7 28.Bf4 Na5 29.g5 fxg5
30.Bxg5 Bxc4 31.Bg4 Rf7 32.Rd1 Rf2+ 33.Kc1 Rf1 34.Rxf1 Bxf1 35.Bc8 Bc4 36.Kb2 Bd3
37.h5 Bxe4 38.h6 Nc4+ 39.Kb3 Bd5 40.Kc2 Nd6 41.Ba6 Bxa2 42.Bf4 Bc4 43.Bxd6 Bxa6
44.Bf4 Kd7 45.Kd2 Bc4 46.Ke3 a5  0-1

[Event "New York Kavkasian"]
[Site "New York"]
[Date "1983.??.??"]
[Round "?"]
[White "Bass, Leonid"]
[Black "Alburt, Lev O"]
[Result "1/2-1/2"]
[WhiteElo "2460"]
[BlackElo "2570"]

1.d4 Nf6 2.c4 c5 3.d5 b5 4.cxb5 a6 5.e3 g6 6.Nc3 Bg7 7.a4 O-O 8.Nf3 d6 9.e4 axb5
10.Bxb5 Ba6 11.Bd2 Bxb5 12.axb5 Nbd7 13.O-O Ne8 14.Bg5 f6 15.Be3 Nc7 16.Qe2 Qb8
17.h4 h5 18.e5 fxe5 19.Ng5 Qb7 20.Qd3 Rf5 21.Rxa8+ Qxa8 22.Rd1 Qa5 23.Nge4 Rf8
24.Ng3 Kf7 25.Nge4 Bf6 26.Bg5 Bxg5 27.hxg5 Qa8 28.Nd2 Kg7 29.Nc4 Qb8 30.Na5 Qb6
31.Nc6 c4 32.Qe3 Nc5 33.Ne4 Qxb5 34.Nxc5 Qxc5 35.Qxc5 dxc5 36.Nxe7 Rd8 37.Re1 Rd7
38.Rxe5 Kf7 39.Nc6 Nxd5 40.Re4 c3 41.Ne5+ Kg7 42.Nxd7 cxb2 43.Re1 Nc3 44.Nxc5 b1=Q
45.Rxb1 Nxb1 46.Kf1 Nc3 47.Ke1 Kf7 48.Kd2 Nd5 49.Ke2 Ne7 50.f4 Nf5 51.Kf2 Ne7
52.Ne4 Nd5 53.Kf3 Ne7 54.Ng3 Nd5 55.Ne2 Nb4 56.Ke4 Na6 57.Kd5 Nb4+ 58.Ke4 Na6
59.Nd4 Nc5+ 60.Ke3 Kg7 61.Nf3 Nb7 62.f5 gxf5 63.Kf4 Kf7 64.Nh4 Ke6 65.Nxf5 Kf7
66.Nd4 Nd6 67.Nf3 Ke6 68.Nd2 Nf5 69.Nf3 Ne7 70.Ke4 Nf5 71.Kf4 Ne7 72.Nd4+ Kd5
73.Nf5 Ng6+ 74.Kg3 Ke4 75.Nh4 Ne7 76.Nf3 Ng6 77.Kf2 Kf4  1/2-1/2

[Event "New York Kavkasian"]
[Site "New York"]
[Date "1983.??.??"]
[Round "?"]
[White "Burger, Karl"]
[Black "Alburt, Lev O"]
[Result "1/2-1/2"]
[WhiteElo "2360"]
[BlackElo "2570"]

1.d4 Nf6 2.c4 c5 3.d5 b5 4.cxb5 a6 5.e3 g6 6.Nc3 Bg7 7.Nf3 O-O 8.a4 Bb7 9.Ra3 e6
10.dxe6 fxe6 11.Qd6 axb5 12.Bxb5 Ne4 13.Nxe4 Bxe4 14.O-O Rf5 15.Rd1 Qf6 16.Nd2 Bc2
17.Rf1 Qd8 18.Nf3 Bf8 19.Qg3 d5 20.Qh3 Qf6 21.Ne1 Bd1 22.f3 c4 23.g4 Re5
24.Ng2 Bb3 25.Rxb3 cxb3 26.Bd2 d4 27.f4 Rc5 28.g5 Qf5 29.Qxf5 gxf5 30.exd4 Rc7
31.Ne3 Bg7 32.Bc3 Nc6 33.Rd1 Ne7 34.Bc4 Rxc4 35.Nxc4 Nd5 36.a5 Nxf4 37.Kf1 Nd5
38.Ra1 Ra6 39.Ra3 Rc6 40.Nd2 Nxc3 41.bxc3 Rxc3 42.a6 Bxd4 43.a7 Bxa7 44.Rxa7 Rd3
45.Ke2 Rh3 46.Nf3 e5 47.Nxe5 Rxh2+ 48.Kf3 Rh3+ 49.Kf4 Rh4+ 50.Kxf5 Rb4 51.Ra8+ Kg7
52.Ra7+ Kg8 53.Ra8+ Kg7 54.Ra7+ Kg8  1/2-1/2

[Event "New York Kavkasian"]
[Site "New York"]
[Date "1983.??.??"]
[Round "?"]
[White "Lein, Anatoly"]
[Black "Alburt, Lev O"]
[Result "1/2-1/2"]
[WhiteElo "2465"]
[BlackElo "2570"]

1.g3 e5 2.c4 c6 3.Bg2 d5 4.cxd5 cxd5 5.Nf3 Nc6 6.O-O e4 7.Ne1 f5 8.d3 Be6
9.Nc2 Nf6 10.Nd2 Bc5 11.b4 Bb6 12.Bb2 a6 13.Nb3 Qe7 14.a3 O-O 15.Ncd4 Nxd4
16.Bxd4 Bxd4 17.Nxd4 Bd7 18.Rc1 Rac8 19.Qd2 Qe5 20.e3 h5 21.Rxc8 Rxc8 22.Rc1 Rc7
23.Rc3 Qd6 24.Bf1 h4 25.Rxc7 Qxc7 26.gxh4 Ng4 27.f4 exf3 28.Nxf3 Qb6 29.d4 Qe6
30.Ne5 Nxe5 31.dxe5 Qxe5 32.Bg2 Be6 33.Qd4 Qxd4 34.exd4 b6 35.Kf2 Kf7 36.Kg3 Kf6
37.Kf4 a5 38.bxa5 bxa5 39.h5 Bf7 40.Bf3 Be6  1/2-1/2

[Event "New York"]
[Site "New York"]
[Date "1983.??.??"]
[Round "1"]
[White "Fedorowicz, John P"]
[Black "Alburt, Lev O"]
[Result "1/2-1/2"]
[WhiteElo "2430"]
[BlackElo "2560"]

1.e4 Nf6 2.e5 Nd5 3.d4 d6 4.Nf3 Bg4 5.Be2 e6 6.c4 Nb6 7.exd6 cxd6 8.h3 Bxf3
9.Bxf3 Qd7 10.b3 d5 11.c5 Nc8 12.Bb2 Nc6 13.Qd2 g6 14.b4 a6 15.a4 Bg7 16.Ra3 Qd8
17.b5 Na5 18.Be2 O-O 19.O-O Ne7 20.Qb4 Nf5 21.Rd1 b6 22.Bc3 axb5 23.axb5 Re8
24.Qb2 Nb7 25.Rxa8 Qxa8 26.c6 Nbd6 27.Nd2 Qb8 28.Bd3 Rd8 29.Re1 Qc7 30.Qb4 Ra8
31.Ra1 Rxa1+ 32.Bxa1 Qa7 33.Bb2 Bf8 34.Qb3 Ng7 35.Nf3 f6 36.g3 Nc8 37.Kg2 Ne8
38.h4 Nc7 39.h5 gxh5 40.Qc2 Kh8 41.Bxh7 Nxb5 42.Bd3 Nbd6 43.Nh4 Ne8 44.Ng6+ Kg8
45.Qe2 Ng7 46.Nf4 Qe7 47.Qc2 f5 48.Ng6 Qc7 49.Nxf8 Kxf8 50.Ba6 Ne7 51.Bb5 h4
52.gxh4 Ng6 53.Kg1 Nxh4 54.Qc3 Ne8 55.Qa3+ Kf7 56.Qb4 Ng6 57.Qa4 Qf4 58.Be2  1/2-1/2

[Event "New York"]
[Site "New York"]
[Date "1983.??.??"]
[Round "2"]
[White "Alburt, Lev O"]
[Black "Kudrin, Sergey"]
[Result "1-0"]
[WhiteElo "2560"]
[BlackElo "2505"]

1.c4 c5 2.Nf3 b6 3.d4 cxd4 4.Nxd4 Bb7 5.f3 d6 6.e4 e6 7.Nc3 Nf6 8.Be2 Be7
9.O-O O-O 10.Kh1 a6 11.Be3 Nbd7 12.Qd2 Qc7 13.Rfd1 Rac8 14.Rac1 Qb8 15.b4 Rfe8
16.a3 Ne5 17.Qa2 h6 18.Na4 Bd8 19.Qd2 d5 20.exd5 exd5 21.Nf5 Nxc4 22.Bxc4 Rxc4
23.Rxc4 dxc4 24.Bxh6 gxh6 25.Qxh6 Nh5 26.Qxh5 Qe5 27.Kg1 Bc7 28.Nh6+ Kg7
29.Qxe5+ Bxe5 30.Ng4 Bf4 31.Rd4 Bb8 32.Kf1 b5 33.Nc5 Bc8 34.Kf2 f5 35.Ne3 Bxh2
36.Rd5 Kg6 37.g3 Bg1+ 38.Kxg1 Rxe3 39.Rd8 Be6 40.Kf2 Rxa3 41.Nxe6 a5 42.Nf4+ Kg5
43.Rd6  1-0

[Event "New York"]
[Site "New York"]
[Date "1983.??.??"]
[Round "4"]
[White "Alburt, Lev O"]
[Black "Burger, Karl"]
[Result "1-0"]
[WhiteElo "2560"]
[BlackElo "2360"]

1.c4 e6 2.Nc3 d5 3.d4 Nf6 4.Bg5 Be7 5.e3 h6 6.Bxf6 Bxf6 7.Nf3 O-O 8.cxd5 exd5
9.Be2 Be6 10.Qb3 b6 11.Rd1 Nc6 12.O-O a6 13.Ne1 Qd7 14.Qa4 Rfd8 15.Nd3 Qd6
16.Rc1 Ne7 17.b4 c6 18.Qb3 Rdb8 19.Rfd1 Bf5 20.Nf4 Bg5 21.Nh5 Ng6 22.Ng3 Bd7
23.Rb1 Bd8 24.a4 b5 25.a5 Bc7 26.Bh5 Qf6 27.Rbc1 Bd6 28.e4 Nf4 29.Bf3 Qe7
30.exd5 cxd5 31.Nxd5 Nxd5 32.Bxd5 Ra7 33.Re1 Qf8 34.Rb1 Rc7 35.Ne4 Bf5 36.Nxd6 Qxd6
37.Rbc1 Rbc8 38.Rc5 Qf4 39.Qe3 Qd6 40.Qe5 Qxe5 41.Rxe5 g6 42.f3 Kg7 43.g4 Bd3
44.Bb7  1-0

[Event "New York"]
[Site "New York"]
[Date "1983.??.??"]
[Round "6"]
[White "Alburt, Lev O"]
[Black "Frias, Victor J"]
[Result "1/2-1/2"]
[WhiteElo "2560"]
[BlackElo "2440"]

1.d4 d5 2.Nf3 Nf6 3.c4 e6 4.g3 dxc4 5.Bg2 Bb4+ 6.Bd2 Be7 7.Na3 Nc6 8.Qa4 O-O
9.Qxc4 Ne4 10.Nc2 Nxd2 11.Nxd2 e5 12.Bxc6 bxc6 13.dxe5 Rb8 14.b3 Rb5 15.Qc3 Qd5
16.e4 Qxe5 17.Qxe5 Rxe5 18.f4 Re6 19.Nd4 Rd6 20.N4f3 Rd3 21.O-O-O Bf6 22.Ne1 Rc3+
23.Nc2 Bg4 24.Rde1 a5 25.Re3 Bd4 26.Rxc3 Bxc3 27.Ne3 Bxd2+ 28.Kxd2 Rd8+ 29.Kc3 Bf3
30.Re1 Bxe4 31.Rd1 Re8 32.Rd7 h5 33.a4 Bf3 34.Nc4 Bd5 35.Nxa5 Re2 36.Rxc7 Rxh2
37.Nxc6 Be4 38.Kd4 f5 39.b4 Rg2 40.Ne7+ Kh7 41.Rc3 Rh2 42.Kc5 Kh6 43.a5 g5
44.a6 gxf4 45.gxf4 h4 46.Ra3 Kh5 47.a7 Ba8 48.Nxf5 Kg4 49.Nxh4 Kxh4 50.b5 Kg4
51.Ra4 Kf5 52.Kb6 Ke6 53.Rc4 Ra2 54.Rc8 Bg2 55.Rc5 Kf6 56.Re5 Bf3 57.Rc5 Bg2
58.f5 Kg5 59.Rc6 Kxf5 60.Kb7 Bxc6+ 61.bxc6 Rb2+ 62.Kc7 Ra2 63.Kb6 Ke6  1/2-1/2

[Event "New York op"]
[Site "New York"]
[Date "1984.??.??"]
[Round "1"]
[White "Haik, Aldo"]
[Black "Alburt, Lev O"]
[Result "0-1"]
[WhiteElo "2405"]
[BlackElo "2515"]

1.d4 Nf6 2.c4 c5 3.d5 b5 4.Nf3 g6 5.g3 d6 6.Bg2 Bg7 7.O-O Nbd7 8.Nfd2 Nb6
9.Qc2 O-O 10.Nc3 bxc4 11.a4 a5 12.e4 Ng4 13.Nb5 Ne5 14.f4 Nd3 15.Nxc4 Nxc4
16.Qxc4 Nxb2 17.Bxb2 Bxb2 18.Rab1 Bg7 19.e5 dxe5 20.Rbe1 Qb6 21.fxe5 Rb8
22.d6 Be6 23.Bd5 Bxd5 24.Qxd5 c4+ 25.Rf2 exd6 26.exd6 c3 27.d7 c2 28.Kg2 Qb7
29.Qxb7 Rxb7 30.Rxf7 Rd8 31.Ree7 Bh6 32.Re8+ Kxf7 33.Nd6+ Kg7 34.Rxd8 Bg5
35.Ne8+ Kf7 36.Nd6+ Ke6  0-1

[Event "New York op"]
[Site "New York"]
[Date "1984.??.??"]
[Round "2"]
[White "Alburt, Lev O"]
[Black "Hjorth, Greg"]
[Result "1-0"]
[WhiteElo "2515"]
[BlackElo "2415"]

1.d4 Nf6 2.c4 g6 3.Nc3 Bg7 4.e4 d6 5.Be2 O-O 6.Bg5 Nc6 7.d5 Ne5 8.Nf3 h6
9.Be3 Nxf3+ 10.Bxf3 e5 11.Be2 Kh7 12.c5 Nd7 13.cxd6 cxd6 14.O-O f5 15.f3 f4
16.Bf2 Nf6 17.Rc1 Rf7 18.Qb3 g5 19.Nb5 g4 20.Nxa7 g3 21.Bb6 gxh2+ 22.Kxh2 Qg8
23.Rxc8 Rxc8 24.Nxc8 Qxc8 25.Qc4 Qg8 26.Rc1 Bf8 27.Qc8 Qg3+ 28.Kg1 Rg7 29.Qf5+ Kg8
30.Bf1 Nd7 31.Bf2 Qg5 32.Qxg5 hxg5 33.Bb5 Nf6 34.Rc8 g4 35.Bh4 Nh7 36.Kf1 g3
37.a4 Rg6 38.Kg1  1-0

[Event "New York op"]
[Site "New York"]
[Date "1984.??.??"]
[Round "6"]
[White "Alburt, Lev O"]
[Black "McCambridge, Vincent"]
[Result "1/2-1/2"]
[WhiteElo "2515"]
[BlackElo "2465"]

1.d4 e6 2.g3 Nf6 3.Bg2 c5 4.Nf3 Nc6 5.O-O cxd4 6.Nxd4 Qb6 7.Nb3 d5 8.Nc3 Be7
9.e4 dxe4 10.Nxe4 Nxe4 11.Bxe4 O-O 12.Be3 Qc7 13.c3 e5 14.Qe2 Be6 15.Rad1 Rfd8
16.Rxd8+ Rxd8 17.Rd1 f5 18.Bg2 g6 19.Rd2 a6 20.Qd1 Rxd2 21.Qxd2 e4 22.Bf4 Qb6
23.g4 Qb5 24.gxf5 gxf5 25.Bh3 Bxb3 26.axb3 Ne5 27.Bxe5 Qxe5 28.Qh6 Bf6 29.Qd2 Be7
30.Qh6  1/2-1/2

[Event "Reykjavik"]
[Site "Reykjavik"]
[Date "1984.??.??"]
[Round "?"]
[White "Bjarnason, Saevar"]
[Black "Alburt, Lev O"]
[Result "1/2-1/2"]
[WhiteElo "2375"]
[BlackElo "2515"]

1.Nf3 Nf6 2.g3 c5 3.Bg2 Nc6 4.O-O e5 5.d3 d5 6.e4 dxe4 7.dxe4 Qxd1 8.Rxd1 Bg4
9.Re1 Nd4 10.Nxd4 cxd4 11.c3 Bc5 12.cxd4 Bxd4 13.Nd2 Nd7 14.Nb3 Bb6 15.Be3 Ke7
16.Rac1 Rhc8 17.Bxb6 axb6 18.Rxc8 Rxc8 19.Rc1 Nc5 20.Nxc5 bxc5 21.Kf1 c4
22.f3 Be6 23.Ke2 Rd8 24.Bf1 Rd4 25.Ke3 Kd6 26.Be2 f6 27.Rc3 Kc5 28.Ra3 Rd6
29.Ra5+ Kb4 30.Ra7 Rd7 31.Ra3 h6 32.Rc3 Rd8 33.Ra3 Bd7 34.Rc3 b5 35.a3+ Kc5
36.a4 Kb4 37.axb5 Bxb5 38.Ra3 g6 39.Ra7 Rd6 40.Rb7 Kc5 41.Rc7+ Kb4 42.Rb7 Kc5
43.Rc7+  1/2-1/2

[Event "Reykjavik"]
[Site "Reykjavik"]
[Date "1984.??.??"]
[Round "?"]
[White "Arnason, Jon L"]
[Black "Alburt, Lev O"]
[Result "1-0"]
[WhiteElo "2500"]
[BlackElo "2515"]

1.e4 Nf6 2.e5 Nd5 3.d4 d6 4.Nf3 g6 5.Bc4 Nb6 6.Bb3 Bg7 7.Ng5 e6 8.f4 dxe5
9.fxe5 c5 10.O-O O-O 11.c3 cxd4 12.cxd4 Nc6 13.Nf3 f6 14.exf6 Qxf6 15.Be3 Nd5
16.Bf2 Nf4 17.Kh1 b6 18.Nc3 Bb7 19.Ne4 Qe7 20.Re1 Na5 21.Bc2 Qb4 22.Rb1 Rad8
23.Bh4 Rc8 24.a3 Qb5 25.Be7 Rf7 26.Bd6 Nxg2 27.Kxg2 Qf5 28.Bd3 Qg4+ 29.Bg3 Rcf8
30.Nh4 Qg5 31.Kh1 Bxd4 32.Ng2 Qd5 33.Qe2 Bf2 34.Rf1 Bxg3 35.Rxf7 Rxf7 36.hxg3 Nb3
37.Rf1 Nd4 38.Qd1 Nf5 39.Kh2 Qe5 40.Qg4 Rd7 41.Bb1 Bxe4 42.Bxe4 Rd2 43.Qf3 Rxb2
44.Bxf5 exf5 45.Qa8+ Kg7 46.Qxa7+ Kh6 47.Qa8 Qc5 48.Qf3 Kg7 49.Rd1 Kf6 50.Rd5 Qc1
51.Rd6+ Ke7 52.Rd1 Qc2 53.Qb7+ Kf6 54.Rd6+ Kg5 55.Qe7+ Kg4 56.Rd4+  1-0

[Event "Reykjavik"]
[Site "Reykjavik"]
[Date "1984.??.??"]
[Round "?"]
[White "Alburt, Lev O"]
[Black "Sigurjonsson, Gudmundur"]
[Result "1/2-1/2"]
[WhiteElo "2515"]
[BlackElo "2470"]

1.d4 Nf6 2.c4 e6 3.g3 c5 4.d5 exd5 5.cxd5 d6 6.Nc3 g6 7.Nf3 Bg7 8.Bg2 O-O
9.O-O a6 10.a4 Nbd7 11.Rb1 Re8 12.b4 Ng4 13.Qb3 cxb4 14.Qxb4 Nc5 15.Bg5 Bxc3
16.Qxc3 Ne4 17.Qc1 Nxg5 18.Qxg5 Qxg5 19.Nxg5 Rxe2 20.Rb6 Ne5 21.Rxd6 Bf5
22.Rb6 h6 23.Nf3 Nxf3+ 24.Bxf3 Ra2 25.d6 Rxa4 26.Bxb7 Rd8 27.Rd1 a5 28.Bc6 Rb4
29.Ra6 Rb1 30.Rxb1 Bxb1 31.Ba4 Bd3 32.Rb6 Bf5 33.Kg2 Kg7 34.Kf3 Kf6 35.Ke3 Bd7
36.Bxd7 Rxd7 37.Kd4 Ke6 38.Kc5 a4 39.Ra6 a3 40.g4 a2 41.f4 f5 42.gxf5+ gxf5
43.Rxa2 Rxd6 44.Re2+ Kd7 45.Re5 Ra6 46.Kd4 Ra4+ 47.Ke3 Ra2 48.h4 Ra3+ 49.Kf2  1/2-1/2

[Event "Reykjavik"]
[Site "Reykjavik"]
[Date "1984.??.??"]
[Round "?"]
[White "Alburt, Lev O"]
[Black "Kristinsson, Jon"]
[Result "1/2-1/2"]
[WhiteElo "2515"]
[BlackElo "2385"]

1.d4 Nf6 2.c4 g6 3.Nc3 Bg7 4.e4 d6 5.Be2 O-O 6.Bg5 c5 7.dxc5 Qa5 8.Bd2 Qxc5
9.Nf3 Bg4 10.Be3 Qa5 11.O-O Nc6 12.Nd2 Bxe2 13.Qxe2 Rfc8 14.a3 Nd7 15.Nb3 Qd8
16.Rac1 Nce5 17.Nd2 a6 18.Rfd1 Rab8 19.Ba7 Ra8 20.Bd4 Bh6 21.Nd5 e6 22.Ne3 Qe7
23.Rc2 Rc7 24.g3 Rac8 25.f4 Nc6 26.Bc3 Bg7 27.Nb1 Bxc3 28.Nxc3 Na5 29.Rcd2 Nb6
30.c5 dxc5 31.e5 Nb3 32.Rd6 Nd4 33.Qg2 Rc6 34.Ne4 Kg7 35.b4 Nf5 36.Nxf5+ gxf5
37.Nxc5 Nd5 38.Rd7 Qxd7 39.Nxd7 Ne3 40.Qh3 Nxd1 41.Qh4 Ne3 42.Qg5+ Kh8 43.Qf6+  1/2-1/2

[Event "Reykjavik"]
[Site "Reykjavik"]
[Date "1984.??.??"]
[Round "?"]
[White "Alburt, Lev O"]
[Black "Hjartarson, Johann"]
[Result "1/2-1/2"]
[WhiteElo "2515"]
[BlackElo "2415"]

1.d4 Nf6 2.c4 e6 3.g3 d5 4.Nf3 dxc4 5.Bg2 c5 6.O-O Nc6 7.Qa4 cxd4 8.Nxd4 Qxd4
9.Bxc6+ Bd7 10.Rd1 Qxd1+ 11.Qxd1 Bxc6 12.Nd2 c3 13.bxc3 O-O-O 14.Qe1  1/2-1/2

[Event "Foxboro m"]
[Site "Foxboro"]
[Date "1985.??.??"]
[Round "1"]
[White "Short, Nigel D"]
[Black "Alburt, Lev O"]
[Result "1-0"]
[WhiteElo "2535"]
[BlackElo "2535"]

1.e4 Nf6 2.e5 Nd5 3.d4 d6 4.Nf3 g6 5.Bc4 Nb6 6.Bb3 Bg7 7.Ng5 e6 8.Qf3 Qe7
9.Ne4 dxe5 10.Bg5 Qb4+ 11.c3 Qa5 12.Nf6+ Kf8 13.d5 e4 14.Qg3 N6d7 15.Nxd7+ Nxd7
16.dxe6 Nc5 17.e7+ Ke8 18.O-O h6 19.Bf4 Nxb3 20.Bxc7 Qg5 21.axb3 Qxg3 22.hxg3 Kxe7
23.Nd2 f5 24.Bb6 a6 25.Nc4 Be6 26.Bc5+ Kf7 27.Nd6+ Kg8 28.b4 Rb8 29.Ba7 Ra8
30.Bb6 Be5 31.Rfd1 Rh7 32.Ra5 Bf6 33.Bd4 Bxd4 34.Rxd4 Rb8 35.Re5 Re7 36.g4 Kf8
37.gxf5 Bxf5 38.Rxe7 Kxe7 39.Nxe4 Bxe4 40.Rxe4+ Kd6 41.f3 Rf8 42.Kf2 h5 43.Rd4+ Ke6
44.c4 Rc8 45.Ke3 Ke5 46.b3 Rc6 47.Rd5+ Kf6 48.c5 g5 49.Rd7 Re6+ 50.Kd3 Re7
51.Rxe7 Kxe7 52.Kc4 Ke6 53.b5 a5 54.b6  1-0

[Event "Foxboro m"]
[Site "Foxboro"]
[Date "1985.??.??"]
[Round "2"]
[White "Alburt, Lev O"]
[Black "Short, Nigel D"]
[Result "1/2-1/2"]
[WhiteElo "2535"]
[BlackElo "2535"]

1.d4 Nf6 2.c4 e6 3.g3 Bb4+ 4.Bd2 Be7 5.Bg2 d5 6.Nf3 O-O 7.O-O c6 8.Qc2 b6
9.cxd5 cxd5 10.Nc3 Bb7 11.Ne5 Nfd7 12.Nxd7 Qxd7 13.Rfc1 Nc6 14.Qa4 Rfd8 15.e3 Na5
16.Qxd7 Rxd7 17.Na4 Nc4 18.Be1 Rc8 19.b3 Nd6 20.Rxc8+ Nxc8 21.Rc1 Bd6 22.Bf1 Rc7
23.Rxc7 Bxc7 24.Bd3 h6 25.Bb4 Bd6 26.Bxd6 Nxd6 27.Nc3 Bc6 28.f3 Kf8 29.e4 dxe4
30.fxe4 f6 31.Kf2 Ke7 32.Ke3 g5 33.e5 Nf7 34.Be4 Bd7 35.exf6+ Kxf6 36.Bf3 Nd6
37.Ne4+ Nxe4 38.Kxe4 Bc6+ 39.Ke3 Bd7 40.Bg2 Be8 41.Bb7 Bg6 42.b4 Bb1 43.a3 Ba2
44.Be4 Bc4 45.Kd2 Ke7 46.Kc3 Bb5 47.Kd2 Bc4 48.Bb7  1/2-1/2

[Event "Foxboro m"]
[Site "Foxboro"]
[Date "1985.??.??"]
[Round "4"]
[White "Alburt, Lev O"]
[Black "Short, Nigel D"]
[Result "0-1"]
[WhiteElo "2535"]
[BlackElo "2535"]

1.d4 Nf6 2.c4 e6 3.g3 Bb4+ 4.Nd2 d5 5.Bg2 O-O 6.Nf3 b6 7.O-O Bb7 8.Ne5 Be7
9.Qc2 c5 10.dxc5 bxc5 11.cxd5 exd5 12.b3 Qc7 13.Bb2 Bd6 14.Nd3 Nbd7 15.e3 Rac8
16.Rac1 Qb8 17.Qb1 Rfe8 18.Rfe1 Ne4 19.Red1 Ng5 20.Nf4 d4 21.Qf5 Bxg2 22.Nxg2 Ne6
23.Nc4 Ne5 24.Ne1 Nxc4 25.Rxc4 dxe3 26.fxe3 Be7 27.Nd3 g6 28.Rg4 Ng7 29.Qf3 Qa8
30.Qf4 Rcd8 31.Rf1 f5 32.Ne5 Rd2 33.e4 Rxb2 34.Qc1 Bf6 35.Qc4+ Re6 36.Rxf5 Bxe5
37.Rxe5 Qd8 38.Rd5 Qa5 39.Rf4 Qe1+ 40.Rf1 Qe3+ 41.Kh1 Qxe4+  0-1

[Event "Foxboro m"]
[Site "Foxboro"]
[Date "1985.??.??"]
[Round "5"]
[White "Short, Nigel D"]
[Black "Alburt, Lev O"]
[Result "1-0"]
[WhiteElo "2535"]
[BlackElo "2535"]

1.e4 Nf6 2.e5 Nd5 3.d4 d6 4.Nf3 g6 5.Bc4 Nb6 6.Bb3 Bg7 7.a4 d5 8.a5 Nc4 9.Nbd2 b5
10.axb6 Nxb6 11.O-O O-O 12.Re1 Ba6 13.c3 Bb5 14.e6 fxe6 15.Ng5 Rf5 16.Nxe6 Qd6
17.Bc2 Rf6 18.Nxg7 Kxg7 19.Nf3 Nc6 20.Bg5 Rf7 21.Bh4 Kg8 22.Bg3 Qd7 23.Ng5 Rf6
24.Be5 Nxe5 25.dxe5 Rf4 26.Nxh7 Ba4 27.e6 Qd6 28.Ng5 Bxc2 29.Qxc2 Kg7 30.Nf7 Qc5
31.g3 Rf5 32.Re5 Rf6 33.Qd2 Kg8 34.Rf1 Rf8 35.b4 Qc6 36.Qh6 R8xf7 37.exf7+ Rxf7
38.Rh5 Qf6 39.Rh4 e5 40.Rg4 Rg7 41.Re1 Nd7 42.Qg5 Qf3 43.Re3 Qd1+ 44.Kg2 Rf7
45.Qxg6+ Kf8 46.Qg8+ Ke7 47.Rg7 Rxg7 48.Qxg7+ Kd6 49.Qg6+  1-0

[Event "Foxboro m"]
[Site "Foxboro"]
[Date "1985.??.??"]
[Round "6"]
[White "Alburt, Lev O"]
[Black "Short, Nigel D"]
[Result "1/2-1/2"]
[WhiteElo "2535"]
[BlackElo "2535"]

1.d4 Nf6 2.c4 e6 3.g3 Bb4+ 4.Nd2 c5 5.Nf3 cxd4 6.Nxd4 Nc6 7.Nc2 Be7 8.Bg2 O-O
9.O-O a6 10.b3 b5 11.Nd4 Qb6 12.Nxc6 dxc6 13.Ne4 bxc4 14.bxc4 Rd8 15.Qc2 Ra7
16.Rb1 Qc7 17.c5 Rb7 18.Bf4 e5 19.Rxb7 Bxb7 20.Nxf6+ Bxf6 21.Be3 Rd7 22.Rb1 Bd8
23.Be4 g6 24.g4 f6 25.Bh6 Kh8 26.Rb3 Bc8 27.Rb6 Bb7 28.Bxg6 hxg6 29.Qxg6 Bc8
30.Qe8+ Kh7 31.Qh5 Kg8 32.Qe8+ Kh7 33.Qh5 Kg8  1/2-1/2

[Event "Foxboro m"]
[Site "Foxboro"]
[Date "1985.??.??"]
[Round "7"]
[White "Short, Nigel D"]
[Black "Alburt, Lev O"]
[Result "1-0"]
[WhiteElo "2535"]
[BlackElo "2535"]

1.e4 Nf6 2.e5 Nd5 3.d4 d6 4.Nf3 g6 5.Bc4 Nb6 6.Bb3 Bg7 7.a4 d5 8.a5 Nc4 9.Nbd2 Nxd2
10.Bxd2 O-O 11.O-O c5 12.dxc5 Nc6 13.Bc3 e6 14.Re1 Qe7 15.Bd4 Rd8 16.c3 Qc7
17.Bc2 Nxa5 18.h4 Nc6 19.b4 Bd7 20.Ba4 Ne7 21.h5 Bxa4 22.Qxa4 gxh5 23.Qd1 Ng6
24.Qd2 Qe7 25.Qe3 a6 26.c6 bxc6 27.Bc5 Qb7 28.Qg5 Nxe5 29.Nxe5 f6 30.Qxh5 fxe5
31.Rxe5 Bxe5 32.Qxe5 Qg7 33.Qxe6+ Qf7 34.Qxc6 Qg6 35.Qc7 Rac8 36.Qe5 h6 37.Bd4 Re8
38.Qxd5+ Qe6 39.Qb7 Qg6 40.Qd5+ Kf8 41.b5 Qf7 42.Qd6+  1-0

[Event "New York op"]
[Site "New York"]
[Date "1985.??.??"]
[Round "2"]
[White "Choobak, K."]
[Black "Alburt, Lev O"]
[Result "0-1"]
[WhiteElo "2385"]
[BlackElo "2535"]

1.e4 Nf6 2.e5 Nd5 3.d4 d6 4.Nf3 g6 5.Ng5 c6 6.Bc4 Bg7 7.Qf3 O-O 8.Nc3 h6
9.Nge4 dxe5 10.dxe5 Nd7 11.e6 Ne5 12.Qe2 Bxe6 13.Bb3 Qb6 14.Nxd5 cxd5 15.Nc3 d4
16.Nd5 Bxd5 17.Bxd5 Qa5+  0-1

[Event "New York op"]
[Site "New York"]
[Date "1985.??.??"]
[Round "3"]
[White "Alburt, Lev O"]
[Black "Whitehead, Paul A"]
[Result "1-0"]
[WhiteElo "2535"]
[BlackElo "2370"]

1.d4 Nf6 2.c4 d6 3.Nc3 Nbd7 4.e4 e5 5.Nf3 g6 6.Bg5 h6 7.Be3 Bg7 8.Be2 O-O
9.dxe5 dxe5 10.Nd2 Nh7 11.c5 Ng5 12.Bc4 Nf6 13.f3 c6 14.Nb3 Qe7 15.Qc1 Nh5
16.O-O Kh7 17.Rd1 Nf4 18.Bxf4 exf4 19.Qxf4 Be5 20.Qe3 Qc7 21.Kh1 Bxh2 22.Ne2 Ne6
23.Bxe6 fxe6 24.Nd2 b6 25.Nc4 Ba6 26.cxb6 axb6 27.Nxb6 Rad8 28.Nd7 Bxe2 29.Nxf8+ Rxf8
30.Qxe2 Bg3 31.Qe3 Qe7 32.Kg1 Qh4 33.Rd7+ Kg8 34.Kf1 Qh1+ 35.Qg1 Qh5 36.Rd3 Qb5
37.Qd4 c5 38.a4 Qa6 39.Qe3 c4 40.Rc3 Be5 41.Qxh6 Bxc3 42.bxc3 e5 43.Rd1 Qc6
44.a5  1-0

[Event "New York op"]
[Site "New York"]
[Date "1985.??.??"]
[Round "4"]
[White "Wilder, Michael"]
[Black "Alburt, Lev O"]
[Result "0-1"]
[WhiteElo "2460"]
[BlackElo "2535"]

1.d4 Nf6 2.Nf3 e6 3.c4 a6 4.Bg5 c5 5.d5 exd5 6.cxd5 h6 7.Bf4 d6 8.e4 g5 9.Be3 Bg7
10.Bd3 Nbd7 11.a4 Qe7 12.O-O O-O 13.Nc3 Ng4 14.Bd2 Nde5 15.Bc2 Nxf3+ 16.Qxf3 Qe5
17.Qg3 Qd4 18.Qd3 f5 19.Qxd4 Bxd4 20.Ne2 Bxb2 21.Rab1 Bg7 22.h3 Ne5 23.exf5 b5
24.Ng3 b4 25.Bxb4 cxb4 26.Rxb4 a5 27.Rb6 Ra6 28.Rb5 Nd7 29.Ne4 Nf6 30.Nxf6+ Bxf6
31.Bd3 Ra7 32.Rb6  0-1